Cataloging : Theory and practice

Đã lưu trong:
Sonraí Bibleagrafaíochta
Príomhúdar: Viswanathan, Caduveti Gurusubrahmanya
Formáid: Leabhar
Teanga:Undetermined
Foilsithe: Darya Ganj, New Delhi Ess Ess Publications 2007
Ábhair:
Clibeanna: Cuir Clib Leis
Gan Chlibeanna, Bí ar an gcéad duine leis an taifead seo a chlibeáil!
Thư viện lưu trữ: Trung tâm Học liệu Trường Đại học Cần Thơ
LEADER 00582nam a2200205Ia 4500
001 CTU_124808
008 210402s9999 xx 000 0 und d
020 |c 42.00 
082 |a 025.3 
082 |b V834 
100 |a Viswanathan, Caduveti Gurusubrahmanya 
245 0 |a Cataloging : 
245 0 |b Theory and practice 
245 0 |c Caduveti Gurusubrahmanya Viswanathan 
260 |a Darya Ganj, New Delhi 
260 |b Ess Ess Publications 
260 |c 2007 
650 |a Library science,Cataloging 
904 |i Minh 
980 |a Trung tâm Học liệu Trường Đại học Cần Thơ